00000000nam##2200000za#4500
0019.648104
003CaOODSP
00520200330091733
007ta
008150407|2001||||xxc|||||     f|0| 0 eng|d
020 |a0-662-30167-6
040 |aCaOODSP|beng
043 |an-cn---
0861 |aE2-245/2000E
1101 |aCanada.|bForeign Affairs and International Trade. |bCanadian Centre for Foreign Policy Development.
24510|aBallistic Missiles Foreign Experts Roundtable report / |cby Ernie Regehr and Peter Moore.
260 |aOttawa - Ontario : |bForeign Affairs and International Trade. |c2001.
300 |a11 unnumbered pages. ; |c28 cm.
563 |aSoftcover
590 |a01-48|b2001-11-30
69007|aForeign policy|2gcpds
69007|aNuclear weapons|2gcpds
69007|aArms control|2gcpds
7201 |aRegehr, Ernie
7201 |aMoore, Peter
77508|tRapport de la Table ronde des experts étrangers en missiles balistiques / |w(CaOODSP)9.681623
7760#|tBallistic Missiles Foreign Experts Roundtable report, March 30-31, 2000 (Ottawa) / |w(CaOODSP)9.686037
986 |a1008-6E